000 00777nas a2200265 4500
001 BR2015005230
003 BR-BrBNA
005 20231205125732.0
007 ta
008 230509b bl.|||p| |||| 00| 00por d
040 _aBR-BrBNA
_bpor
_cBiblioteca Nacional de Agricultura
041 _a(Pt)
072 _aQ60
100 1 _aSchultz, E.L.
100 1 _aDamaso, M.C.T.
245 1 _aA engenharia de processos no contexto de uma biorrefinaria
650 _aREFINARIA
650 _aTECNOLOGIA INDUSTRIAL
650 _aANALISE
650 _aPROCESSAMENTO
650 _aENGENHARIA QUIMICA
773 0 _tAgroenergia em Revista (Brazil)
_xISSN 2238-1023
_g(May 2012), v. 3(4) p. 27-30
_wBR2015005230
909 _a202311
_bLúcia
_c55
_dLúcia Elande
942 _2AGRIS
_n0
_cANA
999 _c245845
_d245845